| 000 | 00425nam a2200169Ia 4500 | ||
|---|---|---|---|
| 003 | LK-CoDNM | ||
| 005 | 20240422094949.0 | ||
| 008 | 010623t1937 xxu||||| |||| 00| 1 sin d | ||
| 040 |
_aLK-CoDNM _dLK-CoDNM _eLK-CoDNM |
||
| 041 | _asin | ||
| 080 | _aඡ71 | ||
| 245 | _aසුසිරි සිතුමිණ | ||
| 246 | _aSusiri Situmina | ||
| 260 |
_bT.B.S.Godamunne _aKandy _c1937 |
||
| 300 | _a16p.,10 cm | ||
| 942 | _cBK | ||
| 999 |
_c98770 _d98770 |
||